000 01337cam a22004454i 4500
003 PE-LiUPU
005 20250731173135.0
008 150623s r 000 0 d
020 _a0446519138
035 _a(Sirsi) i9780446519137
040 _aPE-LiUPU
_bspa
_cPE-LiUPU
_erda
049 _aPRUA
082 0 4 _a248.843
_bB212s
_223
100 1 _aBan Breathnach, Sarah,
_eautora.
245 1 0 _aSimple abundance :
_ba daybook of comfort and joy /
_cSarah Ban Breathnach.
264 1 _aNew York, NY :
_bWarner Books,
_c1995.
300 _aSin paginación ;
_c24 centímetros.
336 _atext
_2rdacontent
337 _aunmediated
_2rdamedia
338 _avolume
_2rdacarrier
504 _aIncluye referencias bibliográficas.
505 0 _aLibro devocional para la mujer.
526 _aSEG42
526 _aSEG41
526 _aSEG40
526 _aSEG39
526 _aP94
526 _aP87
526 _aP86
526 _aP85
526 _aP77
526 _aP76
526 _aP35
650 0 4 _aMeditaciones.
650 0 4 _aMujeres
_xVida cristiana.
942 _2ddc
_cBK
949 _a248.843 B21
_wDEWEY
_c1
_i52237
_lCCODEBUL1
_mBUL
_p8.00
_r0
_sY
_tBOOK
_u2015-6-24
_xTEOLOGIA
_0COMPRA
_o.STAFF. Colección General
999 _c34051
_d34051
980 _81
_gALBERTO SANCHEZ Responsable de Automatización